00474 2200169 4500245007200000020002200072250001100094700001900105650002100124005001900145260005300164041001400217084001000231300002000241490003400261336000900295 aKisah Petualangan Kijang dan Binatang LainnyacSastri SunartihText a978-623-00-3026-0 aCet. 1 aSastri Sunarti aCerita Bergambar a20241028122829 aJakartabPenerbit PT elex media Komputindoc2021 aIndonesia a741.5 a42 hlm :bpdf ; aSeri Antologi Fabel Nusantara atext